000 00620nam a22002177a 4500
003 OSt
005 20140310183123.0
008 130516t xxu||||| |||| 00| 0 eng d
020 _a9789712719905
050 _aDS686.5
_b.F714 2007
082 _aF959.905
_b.F714 2007
245 _aDateline Manila /
_b
_cForeign Correspondence Association of the Philippines
260 _aPasig City
_bAnvil Publishing Inc.,
_c2007
300 _axx, 285 p. :
_b ill. ;
_c23 cm.
501 _aIncludes index.
521 _acollege students
526 _c1210L-1700L
541 _j1
562 _e1
942 _2lcc
_cBK
_kFIL
999 _c18965
_d18965